[Event "29. Erfurter Schachfestival 2019 - Meis"]
[Site "Erfurt"]
[Date "2019.12.28"]
[Round "5.56"]
[White "Bonnelykke, Ole"]
[Black "Reinecke, Katharina"]
[Result "0-1"]
[WhiteElo "2059"]
[BlackElo "1936"]
[PlyCount "46"]
[EventDate "2019.12.26"]

1. e4 c6 2. d3 d5 3. Nd2 e5 4. g3 Bc5 5. Qe2 Qc7 6. Bg2 Ne7 7. c3 O-O 8. Ngf3
f6 9. O-O Bg4 10. b4 Bd6 11. h3 Bh5 12. g4 Bf7 13. Nh4 a5 14. bxa5 Qxa5 15. Bb2
Nd7 16. c4 Nc5 17. cxd5 cxd5 18. exd5 Qa6 19. Nc4 Nxd5 20. Nxd6 Nf4 21. Qe3
Qxd6 22. d4 exd4 23. Bxd4 Qxd4 0-1

[Event "29. Erfurter Schachfestival 2019 - Meis"]
[Site "Erfurt"]
[Date "2019.12.28"]
[Round "5.58"]
[White "Reucker, Friedrich"]
[Black "Dobierzin, Olaf"]
[Result "1/2-1/2"]
[WhiteElo "1945"]
[BlackElo "2056"]
[Annotator "Ruether,Rudolf"]
[PlyCount "143"]
[EventDate "2019.12.26"]

1. d4 Nf6 2. Bg5 d5 3. c4 c6 4. e3 Ne4 5. Bh4 Qa5+ 6. Nd2 e6 7. Ngf3 Nd7 8. a3
Nxd2 9. Nxd2 Nf6 10. b4 Qd8 11. Bd3 Be7 12. O-O O-O 13. Qc2 g6 14. Rfc1 Nh5 15.
Bxe7 Qxe7 16. Rab1 Nf6 17. Nf3 Rd8 18. a4 Bd7 19. Ne5 Be8 20. cxd5 Nxd5 21. Qc5
f6 22. Nf3 Bf7 23. Qxe7 Nxe7 24. b5 Rd7 25. bxc6 bxc6 26. Be4 Rc8 27. h3 Rdc7
28. Rc5 g5 29. Rbc1 Bg6 30. Bxg6 Nxg6 31. Nd2 Kf7 32. Ne4 Ke7 33. R5c4 Nf8 34.
Nc5 Kd6 35. Ne4+ Ke7 36. Nc5 Kd6 37. Rb4 Ra8 38. Rcb1 Rac8 39. Rb7 Nd7 40. Na6
Rxb7 41. Rxb7 Ra8 42. Kh2 h5 43. Kg3 c5 44. Nxc5 Nxc5 45. dxc5+ Kxc5 46. f4 Rg8
47. Rxa7 gxf4+ 48. Kxf4 Rxg2 49. Ra5+ Kb4 50. Rxh5 Kxa4 51. Rh6 Rf2+ 52. Ke4
Kb5 53. h4 Kc6 54. h5 Kd7 55. Rh7+ Ke8 56. h6 Kf8 57. Rc7 Rh2 58. h7 Rh4+ 59.
Kd3 f5 60. Ke2 e5 61. Rc5 Rxh7 {(=)} 62. Rxe5 Rf7 63. Kf3 Kg7 64. Kf4 Kg6 65.
Re6+ Rf6 66. Re8 Rf7 67. Rg8+ Kf6 68. Rh8 Ke6 69. Rh6+ Rf6 70. Rxf6+ Kxf6 71.
e4 fxe4 72. Kxe4 1/2-1/2

[Event "29. Erfurter Schachfestival 2019 - Meis"]
[Site "Erfurt"]
[Date "2019.12.28"]
[Round "5.59"]
[White "Höhn, Michael"]
[Black "Cipra, Lothar"]
[Result "1-0"]
[WhiteElo "2018"]
[BlackElo "1921"]
[PlyCount "105"]
[EventDate "2019.12.26"]

1. e4 c5 2. d4 cxd4 3. c3 d3 4. Bxd3 Nc6 5. Nf3 d6 6. Bc4 e6 7. O-O Be7 8. Qe2
Nf6 9. Rd1 Qc7 10. h3 h6 11. Bf4 O-O 12. Bb3 e5 13. Bh2 Be6 14. Bc2 a6 15. Nbd2
b5 16. Bb3 Na5 17. Bxe6 fxe6 18. Rac1 Nc4 19. b3 Nxd2 20. Nxd2 Nd7 21. Qg4 Rf6
22. Bg3 Kh7 23. Qe2 Rg6 24. Nf3 Qb6 25. Kh2 Rf8 26. c4 b4 27. Rc2 Nc5 28. Bh4
Qc7 29. Bxe7 Qxe7 30. Rcd2 Qf6 31. Qe3 Qf4+ 32. Qxf4 Rxf4 33. Rxd6 Nxe4 34.
Nxe5 Rg5 35. Rxe6 Nc3 36. Rdd6 Rxf2 37. Ng4 Rxa2 38. Re7 Rg6 39. Nf6+ Rxf6 40.
Rxf6 Ne4 41. Rff7 Ng5 42. Rxg7+ Kh8 43. Rg6 Nf3+ 44. Kg3 Nd4 45. Rd7 Rd2 46.
Rb7 Rd3+ 47. Kg4 h5+ 48. Kxh5 Nf5 49. Rxa6 Ng7+ 50. Kh6 Ne8 51. Rb8 Re3 52.
Raa8 Re6+ 53. Kg5 1-0

[Event "29. Erfurter Schachfestival 2019 - Meis"]
[Site "Erfurt"]
[Date "2019.12.28"]
[Round "5.60"]
[White "Berberich, Christoph"]
[Black "Gründer, Michael"]
[Result "1/2-1/2"]
[WhiteElo "1988"]
[BlackElo "1902"]
[PlyCount "60"]
[EventDate "2019.12.26"]

1. d4 e6 2. e4 d5 3. exd5 exd5 4. Nf3 Bd6 5. c4 Nf6 6. c5 Be7 7. Bd3 b6 8. cxb6
axb6 9. Ne5 O-O 10. Nc3 c5 11. Be3 Bd6 12. Nf3 Re8 13. O-O Nc6 14. h3 h6 15.
Nb5 Ba6 16. Nxd6 Qxd6 17. b3 c4 18. bxc4 dxc4 19. Be2 Nd5 20. Qc1 b5 21. a4 b4
22. Bxc4 Bxc4 23. Qxc4 Nxe3 24. fxe3 Rxe3 25. Ne5 Nxe5 26. dxe5 Qe7 27. Rf4 b3
28. Raf1 Rf8 29. a5 Rxe5 30. Qxb3 Rxa5 1/2-1/2

[Event "29. Erfurter Schachfestival 2019 - Meis"]
[Site "Erfurt"]
[Date "2019.12.28"]
[Round "5.61"]
[White "Pellicoro, Fabian"]
[Black "Schönfeld, Volker"]
[Result "0-1"]
[WhiteElo "1889"]
[BlackElo "1968"]
[Annotator "Ruether,Rudolf"]
[PlyCount "108"]
[EventDate "2019.12.26"]

1. e4 c6 2. Nc3 d5 3. Nf3 g6 4. d3 Bg7 5. Qe2 d4 6. Nb1 c5 7. g3 Nc6 8. Bg2 h5
9. O-O Bg4 10. Nbd2 Qd7 11. Qe1 Bh3 12. Nh4 Ne5 13. f4 Bxg2 14. Kxg2 Ng4 15.
Ndf3 N8h6 16. h3 Nf6 17. e5 Nd5 18. e6 Qxe6 19. Qxe6 fxe6 20. Nxg6 Rg8 21. Re1
Bf6 22. Ngh4 Nf5 23. Nxf5 exf5 24. h4 Kd7 25. Ng5 Rae8 26. Nf3 Rg7 27. Bd2 Kd6
28. Kf2 e6 29. Re2 Rge7 30. Rae1 b5 31. Ne5 Rg7 32. Nf3 {(=)} Rge7 33. Ne5 Bxe5
34. fxe5+ Kc6 35. Kf3 Rd7 36. c4 dxc3 37. bxc3 Nb6 38. Re3 Red8 39. Ke2 Nc4 40.
dxc4 Rxd2+ 41. Kf3 bxc4 42. R1e2 R2d3 43. Kf4 Rxe3 44. Rxe3 Rd3 45. Rf3 Kd5 46.
Rf1 Rxc3 47. Rb1 Ra3 48. Rb8 c3 49. Rd8+ Kc4 50. Ke3 Rxa2 51. Rd6 Rg2 52. Rxe6
c2 53. Kf3 Rd2 54. Ke3 c1=Q 0-1

[Event "29. Erfurter Schachfestival 2019 - Meis"]
[Site "Erfurt"]
[Date "2019.12.28"]
[Round "5.62"]
[White "Weimert, Miriam"]
[Black "Kottwitz, Daniel"]
[Result "1/2-1/2"]
[WhiteElo "1845"]
[BlackElo "1949"]
[Annotator "Ruether,Rudolf"]
[PlyCount "29"]
[EventDate "2019.12.26"]

1. e4 d5 2. exd5 Qxd5 3. Nc3 Qd6 4. Bc4 Nf6 5. d3 c6 6. h3 Bf5 7. Nge2 Nbd7 8.
Bf4 e5 9. Bh2 Qc7 10. Ng3 Bg6 {(=)} 11. Qe2 Bb4 12. O-O Bxc3 13. bxc3 O-O 14.
Qd2 Qa5 15. Rab1 1/2-1/2

[Event "29. Erfurter Schachfestival 2019 - Meis"]
[Site "Erfurt"]
[Date "2019.12.28"]
[Round "5.63"]
[White "Hornung, Hans"]
[Black "Bajorski, Marius"]
[Result "1-0"]
[WhiteElo "2080"]
[BlackElo "1994"]
[PlyCount "59"]
[EventDate "2019.12.26"]

1. c4 b6 2. e4 Bb7 3. Nc3 e6 4. Nf3 Nf6 5. Qe2 Bb4 6. e5 Ng8 7. d4 d5 8. cxd5
Qxd5 9. Bd2 Bxc3 10. bxc3 Ba6 11. c4 Qd7 12. Qe4 c6 13. Be2 Ne7 14. O-O Bb7 15.
Qf4 O-O 16. Rad1 Qc7 17. Bd3 Ng6 18. Qg3 f5 19. Ng5 Qe7 20. f4 c5 21. d5 exd5
22. Qh3 h6 23. Bxf5 Qe8 24. Be6+ Kh8 25. cxd5 Bc8 26. f5 Bxe6 27. Nxe6 Nxe5 28.
Bxh6 gxh6 29. Qxh6+ Kg8 30. Qg7# 1-0

[Event "29. Erfurter Schachfestival 2019 - Meis"]
[Site "Erfurt"]
[Date "2019.12.28"]
[Round "5.64"]
[White "Smit, Frans"]
[Black "Dittrich, Tom"]
[Result "1-0"]
[WhiteElo "2009"]
[BlackElo "1915"]
[Annotator "Ruether,Rudolf"]
[PlyCount "101"]
[EventDate "2019.12.26"]

1. c4 e5 2. g3 Nf6 3. Bg2 d5 4. cxd5 Nxd5 5. Nc3 Nb6 6. Nf3 Nc6 7. O-O Be7 8.
a3 a5 9. d3 O-O 10. Be3 Re8 11. Rc1 Bf8 12. Ne4 Rb8 13. Bc5 Nd4 14. Bxf8 Nxf3+
15. Bxf3 Rxf8 16. Qc2 Nd5 17. Qc5 b6 18. Qc4 Bb7 19. b4 axb4 20. axb4 Qe7 21.
b5 Rfc8 22. Nd2 Nf6 23. Bxb7 Rxb7 24. Qc6 Ra7 25. Rc2 h6 {(=)} 26. Rfc1 Rca8
27. Qf3 Ne8 28. Nc4 Nd6 29. Qd5 Nxc4 30. Rxc4 Ra1 31. Kg2 R1a7 32. Rxc7 Rxc7
33. Qxa8+ Kh7 34. Rxc7 Qxc7 35. Qc6 Qb8 36. h3 Kg8 37. e3 Kf8 38. d4 exd4 39.
exd4 Ke7 40. Qe4+ Kf8 41. Qe5 Qd8 42. d5 Kg8 43. d6 Kf8 44. Qd5 Ke8 45. Qc6+
Kf8 46. f4 Kg8 47. Kf3 Kf8 48. Ke4 Kg8 49. Kd5 Kf8 50. d7 g6 51. Qc8 1-0

[Event "29. Erfurter Schachfestival 2019 - Meis"]
[Site "Erfurt"]
[Date "2019.12.28"]
[Round "5.65"]
[White "Schmidt, Kai-Uwe"]
[Black "Grund, Sebastian"]
[Result "0-1"]
[WhiteElo "1982"]
[BlackElo "2000"]
[Annotator "Ruether,Rudolf"]
[PlyCount "62"]
[EventDate "2019.12.26"]

1. d4 Nf6 2. Nf3 g6 3. g3 Bg7 4. Bg2 O-O 5. O-O d5 6. c4 Nc6 7. Ne5 Nxe5 8.
dxe5 Ng4 9. cxd5 Nxe5 10. Nc3 Bd7 11. Qb3 Rb8 12. Rd1 c5 13. dxc6 bxc6 14. Qc2
Qc8 15. Ne4 Bf5 16. Qc5 Qc7 17. Nc3 Rfc8 18. f4 Ng4 19. e4 Be6 20. h3 Nf6 21.
Qf2 Qa5 22. Rb1 Nd7 23. Be3 Nb6 24. Bd4 Nc4 25. b3 Bxd4 26. Qxd4 Rd8 27. Nd5
cxd5 28. bxc4 Rxb1 29. Rxb1 dxc4 30. Qb2 c3 31. Qb7 c2 0-1

[Event "29. Erfurter Schachfestival 2019 - Meis"]
[Site "Erfurt"]
[Date "2019.12.28"]
[Round "5.66"]
[White "Kurze, Christoph"]
[Black "Matthäi, Jakob"]
[Result "1-0"]
[WhiteElo "2016"]
[BlackElo "1838"]
[Annotator "Ruether,Rudolf"]
[PlyCount "145"]
[EventDate "2019.12.26"]

1. Nf3 Nf6 2. g3 d5 3. c4 e6 4. Bg2 Be7 5. e3 O-O 6. b3 c5 7. O-O Nc6 8. d3 b6
9. Bb2 Bb7 10. Qe2 Qc7 11. Nc3 Rad8 12. Rfd1 Qb8 13. Nb5 Rd7 14. Na3 Re8 15.
Nc2 dxc4 16. bxc4 Red8 17. Nce1 h6 {(=)} 18. a3 Ne8 19. Nd2 Bf6 20. Bxf6 Nxf6
21. f4 e5 22. Ne4 Nxe4 23. Bxe4 Ne7 24. Qf3 exf4 25. gxf4 Qa8 26. Bxb7 Qxb7 27.
Kf2 Qxf3+ 28. Kxf3 Nf5 29. a4 Nd6 30. Rdb1 Nb7 31. Rb3 Na5 32. Rc3 Nc6 33. Ke2
Re7 34. Kf2 f6 35. Ng2 Red7 36. Rd1 g6 37. Ke2 Kf7 38. e4 Nd4+ 39. Kf2 Ne6 40.
Rd2 Rd6 {(=)} 41. Kg3 g5 42. f5 Ng7 43. Kg4 Rd4 44. Kf3 R4d6 45. Ne3 Ne8 46.
Nd5 R8d7 47. Ra2 Nc7 48. Nxc7 Rxc7 49. a5 Rb7 50. Rb3 Rd8 51. axb6 axb6 52. Ra6
Rdb8 53. Rb5 Ke7 54. Ke3 h5 55. e5 fxe5 56. Ke4 Rd7 57. Kxe5 Rxd3 58. Ra7+ Kf8
59. Rh7 Kg8 60. Rxh5 Kg7 61. Rxg5+ Kf7 62. Rg6 Re3+ 63. Kf4 Rc3 64. Rbxb6 Rxc4+
65. Kg5 Rxb6 66. Rxb6 Rd4 67. Rb7+ Kf8 68. Rc7 Rd2 69. h4 Kg8 70. Kg6 Rg2+ 71.
Kf6 Rh2 72. h5 Rxh5 73. Kg6 1-0

[Event "29. Erfurter Schachfestival 2019 - Meis"]
[Site "Erfurt"]
[Date "2019.12.29"]
[Round "6.1"]
[White "Paul, Johannes"]
[Black "Lagunow, Raphael"]
[Result "0-1"]
[WhiteElo "2374"]
[BlackElo "2424"]
[PlyCount "44"]
[EventDate "2019.12.26"]

1. d4 d5 2. c4 e6 3. Nc3 c6 4. e4 dxe4 5. Nxe4 Bb4+ 6. Bd2 Qxd4 7. Bxb4 Qxe4+
8. Be2 Na6 9. Bd6 Qxg2 10. Qd2 Nf6 11. O-O-O Ne4 12. Qd4 Nxd6 13. Nf3 O-O 14.
Qxd6 Qxf2 15. Qe7 Qc5 16. Rd6 Qe3+ 17. Kd1 Nc5 18. Rd8 Nd7 19. Rg1 Rxd8 20.
Qxd8+ Nf8 21. Qe8 e5 22. Nxe5 Qxe2+ 0-1

[Event "29. Erfurter Schachfestival 2019 - Meis"]
[Site "Erfurt"]
[Date "2019.12.29"]
[Round "6.2"]
[White "Gschnitzer, Adrian"]
[Black "Kuznecovs, Nikita"]
[Result "1/2-1/2"]
[WhiteElo "2408"]
[BlackElo "2306"]
[PlyCount "82"]
[EventDate "2019.12.26"]

1. e4 c5 2. Nf3 d6 3. d4 cxd4 4. Nxd4 Nf6 5. Nc3 a6 6. Be3 e5 7. Nb3 Be7 8. f4
O-O 9. f5 b5 10. Qf3 Bb7 11. O-O-O Nbd7 12. g4 b4 13. Nd5 Nxd5 14. exd5 a5 15.
Kb1 Nb6 16. Bxb6 Qxb6 17. Nd2 a4 18. Ne4 b3 19. cxb3 axb3 20. Qxb3 Qa7 21. Bc4
Rfb8 22. Qf3 Ba6 23. Bb3 Rb4 24. f6 Bxf6 25. Nxf6+ gxf6 26. Qxf6 Rxb3 27. axb3
Be2 28. Qf5 Qa2+ 29. Kc2 Rb8 30. b4 Ba6 31. Rc1 Rc8+ 32. Kd2 Qxd5+ 33. Ke3 Qd4+
34. Kf3 Bb7+ 35. Ke2 Qxb2+ 36. Ke3 Ra8 37. Ra1 Qd4+ 38. Ke2 Qb2+ 39. Ke3 Qd4+
40. Ke2 Ba6+ 41. Kf3 Bb7+ 1/2-1/2

[Event "29. Erfurter Schachfestival 2019 - Meis"]
[Site "Erfurt"]
[Date "2019.12.29"]
[Round "6.3"]
[White "Nothnagel, Marian Can"]
[Black "Ortmeier, Leonhard"]
[Result "1/2-1/2"]
[WhiteElo "2369"]
[BlackElo "2208"]
[Annotator "Kohlstädt,Jürgen"]
[PlyCount "48"]
[EventDate "2019.12.26"]

1. e4 c5 2. d4 cxd4 3. c3 dxc3 4. Nxc3 Nc6 5. Nf3 d6 6. Bc4 a6 7. O-O Nf6 8.
Bf4 e6 9. Qe2 Be7 10. Rfd1 Nh5 11. Be3 {(=)} Qa5 12. Nd5 exd5 13. Rxd5 b5 14.
Rxh5 Bg4 15. Bd5 Rc8 16. Bxc6+ Rxc6 17. Rd5 O-O 18. Rd2 Rfc8 19. h3 Bxf3 20.
Qxf3 Bf6 21. a3 Rc2 22. Rad1 Be5 23. Rxc2 Rxc2 24. Bf4 Qc7 {(=)} 1/2-1/2

[Event "29. Erfurter Schachfestival 2019 - Meis"]
[Site "Erfurt"]
[Date "2019.12.29"]
[Round "6.4"]
[White "Stein, Robert"]
[Black "Weishaeutel, Moritz"]
[Result "1/2-1/2"]
[WhiteElo "2327"]
[BlackElo "2231"]
[PlyCount "63"]
[EventDate "2019.12.26"]

1. d4 Nf6 2. c4 c5 3. d5 b5 4. cxb5 a6 5. bxa6 g6 6. Nc3 Bg7 7. e4 O-O 8. a7
Rxa7 9. Nf3 e6 10. Be2 exd5 11. exd5 d6 12. O-O Na6 13. Nb5 Rd7 14. Bc4 Bb7 15.
Bg5 Qa8 16. Bxf6 Bxf6 17. Qd2 Nb4 18. Rfd1 Rb8 19. Nc3 Ba6 20. Bxa6 Nxa6 21.
Rab1 Nc7 22. Ne4 Bg7 23. b4 Re8 24. Ng3 c4 25. Rbc1 c3 26. Rxc3 Bxc3 27. Qxc3
Nxd5 28. Qd4 Nc7 29. Qh4 Rde7 30. Nf5 gxf5 31. Qg5+ Kh8 32. Qf6+ 1/2-1/2

[Event "29. Erfurter Schachfestival 2019 - Meis"]
[Site "Erfurt"]
[Date "2019.12.29"]
[Round "6.5"]
[White "Osmanodja, Filiz"]
[Black "Schulz, Karsten"]
[Result "0-1"]
[WhiteElo "2214"]
[BlackElo "2267"]
[Annotator "Kohlstädt,Jürgen"]
[PlyCount "104"]
[EventDate "2019.12.26"]

1. e4 d6 2. d4 Nf6 3. Nc3 e5 4. Nf3 exd4 5. Nxd4 Be7 6. g3 O-O 7. Bg2 Re8 8.
O-O Bf8 9. Bf4 Nbd7 10. h3 Ne5 11. g4 c6 12. Nf5 Bxf5 13. exf5 d5 14. g5 Nfd7
15. h4 Bd6 16. h5 Nc4 17. Bxd6 Nxd6 18. Qg4 Ne5 19. Qf4 h6 20. gxh6 Qf6 {(=)}
21. hxg7 Kxg7 22. Ne2 Qxf5 23. Qxf5 Nxf5 24. Ng3 Kf6 25. a4 Nxg3 26. fxg3+ Kg5
27. Rae1 f5 28. b3 Ng4 29. Bh3 Ne3 30. Rf2 Re4 31. Rfe2 Nxc2 32. Rxe4 fxe4 33.
Rf1 Kxh5 34. Rf7 Rb8 35. Kf2 Kg6 36. Rf4 Rh8 37. Bf5+ Kg5 38. Bxe4 dxe4 39.
Rxe4 Kf6 40. Kf3 a5 41. Rf4+ Ke6 42. Ke4 Rd8 43. Rf2 Rd4+ 44. Kf3 Nb4 45. g4
Rd3+ 46. Ke4 Rxb3 47. g5 Rg3 48. Rf6+ Ke7 49. Rf5 Nd5 50. Ke5 Rg4 51. g6 Rxg6
52. Kd4 Kd6 0-1

[Event "29. Erfurter Schachfestival 2019 - Meis"]
[Site "Erfurt"]
[Date "2019.12.29"]
[Round "6.6"]
[White "Abel, Dennes"]
[Black "Schmitzer, Klaus"]
[Result "1-0"]
[WhiteElo "2463"]
[BlackElo "2217"]
[PlyCount "101"]
[EventDate "2019.12.26"]

1. d4 e6 2. c4 b6 3. e4 Bb7 4. Bd3 Nc6 5. Ne2 Nb4 6. Nbc3 Nxd3+ 7. Qxd3 g6 8.
h4 h5 9. Bg5 Be7 10. Qe3 d6 11. O-O-O Qd7 12. Kb1 O-O-O 13. Nf4 Kb8 14. f3 Ba6
15. b3 Bb7 16. Kb2 Rh7 17. Nd3 f6 18. Bf4 Bf8 19. Rhe1 Ne7 20. Qf2 Bg7 21. Kc2
Bh8 22. Bh2 g5 23. Re2 Qe8 24. f4 Qg6 25. d5 exd5 26. f5 Qg8 27. cxd5 c6 28.
dxc6 Nxc6 29. Red2 Ka8 30. Kb2 Qe8 31. Ne1 Rhd7 32. Nf3 g4 33. Nd4 Nxd4 34.
Rxd4 Bg7 35. Bxd6 Bc6 36. a4 Kb7 37. g3 Bf8 38. Bxf8 Qxf8 39. Rxd7+ Rxd7 40.
Rxd7+ Bxd7 41. Qd4 Bc6 42. e5 fxe5 43. Qxe5 Qd8 44. Kc2 Qd7 45. f6 Qh7+ 46. Kb2
Kc8 47. Nd5 Bxd5 48. Qxd5 Qg6 49. Qc6+ Kd8 50. Qd6+ Kc8 51. Qf8+ 1-0

[Event "29. Erfurter Schachfestival 2019 - Meis"]
[Site "Erfurt"]
[Date "2019.12.29"]
[Round "6.7"]
[White "Schmuecker, Marcus"]
[Black "Langheinrich, Ferenc"]
[Result "1/2-1/2"]
[WhiteElo "2210"]
[BlackElo "2378"]
[PlyCount "55"]
[EventDate "2019.12.26"]

1. Nf3 c5 2. g3 Nc6 3. Bg2 g6 4. c4 Bg7 5. O-O e5 6. Nc3 Nge7 7. Ne1 O-O 8. Nc2
Rb8 9. Rb1 d6 10. b4 f5 11. a3 f4 12. e3 g5 13. Nd5 Nxd5 14. Bxd5+ Kh8 15. Qh5
Bf5 16. e4 Bg6 17. Qh3 Ne7 18. f3 Nxd5 19. cxd5 cxb4 20. Rxb4 Qc7 21. Na1 a5
22. Rb3 Qc5+ 23. Kh1 fxg3 24. Rc3 Qb5 25. d3 Rf7 26. hxg3 Rbf8 27. Kg2 a4 28.
Nc2 1/2-1/2

[Event "29. Erfurter Schachfestival 2019 - Meis"]
[Site "Erfurt"]
[Date "2019.12.29"]
[Round "6.8"]
[White "Meissner, Felix"]
[Black "Zimmermann, Rene"]
[Result "1/2-1/2"]
[WhiteElo "2377"]
[BlackElo "2184"]
[Annotator "Kohlstädt,Jürgen"]
[PlyCount "133"]
[EventDate "2019.12.26"]

1. e4 e6 2. d4 d5 3. exd5 exd5 4. Bd3 Nc6 5. c3 Bd6 6. Qf3 Be6 7. Ne2 Nge7 8.
Nf4 Qd7 9. Nxe6 Qxe6+ 10. Be3 O-O 11. O-O Ng6 12. Bf5 Qf6 13. Qh5 Nce7 {(=)}
14. Bd3 Qh4 15. Qxh4 Nxh4 16. Nd2 Nhf5 17. Rae1 Rfe8 18. g3 h6 19. Nf3 Kf8 20.
Bd2 h5 21. Re2 f6 22. Rfe1 g5 23. Kg2 Ng7 24. h4 g4 25. Ng1 Kf7 26. Rf1 Ngf5
27. Ree1 b6 28. Ne2 c5 29. f3 Bxg3 30. Nxg3 Nxh4+ 31. Kg1 Nxf3+ 32. Rxf3 gxf3
33. Kf2 h4 34. Nf1 c4 35. Bc2 Rg8 36. Kxf3 Rg7 37. Bh6 Rg1 38. Be3 Rg7 39. Bf2
Rh8 40. Ne3 Rg5 41. Rh1 h3 42. Bg3 Ke6 43. Bf4 Rgg8 44. Bg3 Rh5 {(=)} 45. Rh2
b5 46. Re2 Kf7 47. Rh2 a5 48. a3 b4 49. axb4 axb4 50. Kf2 bxc3 51. bxc3 Ra8 52.
Bd6 Rd8 53. Bg3 Ke6 54. Bd1 Rhh8 55. Rxh3 Rxh3 56. Bg4+ Kf7 57. Bxh3 Rh8 58.
Bg2 Ke6 59. Bf3 Ra8 60. Bg4+ f5 61. Bh3 Rh8 62. Kg2 Rg8 63. Kf3 Rh8 64. Kg2 Rg8
65. Kf2 Rh8 66. Bg2 Ra8 67. Bh3 {(=)} 1/2-1/2

[Event "29. Erfurter Schachfestival 2019 - Meis"]
[Site "Erfurt"]
[Date "2019.12.29"]
[Round "6.9"]
[White "Pubantz, Jan"]
[Black "Derichs, Roger"]
[Result "1-0"]
[WhiteElo "2207"]
[BlackElo "2311"]
[PlyCount "51"]
[EventDate "2019.12.26"]

1. d4 e6 2. c4 f5 3. g3 Nf6 4. Bg2 d5 5. Nf3 Bd6 6. O-O O-O 7. b3 b6 8. Ba3 Bb7
9. Bxd6 cxd6 10. cxd5 Nxd5 11. Qd2 Nf6 12. Nc3 Nbd7 13. Rac1 Qe7 14. Ng5 Bxg2
15. Kxg2 Rac8 16. Nb5 h6 17. Rxc8 Rxc8 18. Nxa7 Rf8 19. Nc6 Qe8 20. Nf3 g5 21.
Qc2 g4 22. Nd2 Qa8 23. Kg1 Nd5 24. e4 fxe4 25. Nxe4 Rc8 26. Nxd6 1-0

[Event "29. Erfurter Schachfestival 2019 - Meis"]
[Site "Erfurt"]
[Date "2019.12.29"]
[Round "6.10"]
[White "Kolb, Tobias"]
[Black "Klein, Felix"]
[Result "1-0"]
[WhiteElo "2185"]
[BlackElo "2304"]
[PlyCount "87"]
[EventDate "2019.12.26"]

1. e4 c5 2. Nc3 e6 3. g3 Nc6 4. Bg2 g6 5. d3 Bg7 6. Be3 d6 7. Qd2 Rb8 8. Nf3
Nd4 9. Bxd4 cxd4 10. Nb5 e5 11. Qb4 Bf8 12. Nxa7 Bd7 13. Nb5 Bc6 14. O-O Nf6
15. a4 Be7 16. Qb3 O-O 17. Nd2 Nd7 18. c3 Nc5 19. Qc4 dxc3 20. bxc3 Bd7 21. d4
Ne6 22. Qd3 Nc7 23. Rfd1 Nxb5 24. axb5 exd4 25. cxd4 Qb6 26. Rab1 Rfe8 27. Nc4
Qc7 28. Ne3 Be6 29. Qd2 Qb6 30. f4 Ra8 31. f5 Ba2 32. Rb2 Bg5 33. Qf2 Ra3 34.
Ng4 Bb3 35. Rxb3 Rxb3 36. h4 h5 37. fxg6 fxg6 38. hxg5 hxg4 39. Qf6 Qc7 40. Rf1
Rxg3 41. Qxg6+ Kh8 42. Kh2 Rh3+ 43. Bxh3 gxh3 44. Rf7 1-0

[Event "29. Erfurter Schachfestival 2019 - Meis"]
[Site "Erfurt"]
[Date "2019.12.29"]
[Round "6.11"]
[White "Strache, Michael"]
[Black "Wong, Gengchun"]
[Result "1/2-1/2"]
[WhiteElo "2301"]
[BlackElo "2180"]
[Annotator "Ruether,Rudolf"]
[PlyCount "73"]
[EventDate "2019.12.26"]

1. c4 Nf6 2. Nc3 c5 3. Nf3 Nc6 4. d4 cxd4 5. Nxd4 g6 6. g3 Bg7 7. Bg2 O-O 8.
O-O Qa5 9. Nc2 d6 10. Nd5 Nxd5 11. cxd5 Ne5 12. Bd2 Qa6 13. Bc3 Bg4 14. Nd4
Rfc8 15. h3 Bd7 16. Kh2 Rc7 17. Qd2 Rac8 18. Rfd1 Ba4 19. Rdc1 Nc4 20. Qf4 Be5
21. Qe4 Be8 22. e3 Qb6 23. b3 Na3 24. Bd2 Nb5 25. Nxb5 Bxb5 26. Rxc7 Rxc7 27.
Rc1 Rxc1 28. Bxc1 Qc5 29. Bd2 Kg7 {(=)} 30. f4 Bf6 31. g4 h6 32. Bf3 Qa3 33.
Qc2 Qb2 34. Be4 Qxc2 35. Bxc2 Be2 36. Kg2 Kf8 37. Kf2 1/2-1/2

[Event "29. Erfurter Schachfestival 2019 - Meis"]
[Site "Erfurt"]
[Date "2019.12.29"]
[Round "6.12"]
[White "Zienert, Richard"]
[Black "Eckardt, Joshua"]
[Result "1/2-1/2"]
[WhiteElo "2171"]
[BlackElo "2277"]
[PlyCount "105"]
[EventDate "2019.12.26"]

1. e4 e6 2. d4 d5 3. Nd2 c5 4. c3 cxd4 5. cxd4 dxe4 6. Nxe4 Nf6 7. Bd3 Bd7 8.
Nf3 Nxe4 9. Bxe4 Bc6 10. Bxc6+ Nxc6 11. O-O Be7 12. Qb3 Qb6 13. Qxb6 axb6 14.
Be3 O-O 15. a3 Bf6 16. Rac1 Rfd8 17. Rc4 Rd5 18. Rfc1 Rad8 19. Kf1 g5 20. h4 b5
21. Rxc6 bxc6 22. hxg5 Bg7 23. Rxc6 Kf8 24. Ke2 Ke8 25. Rc1 Kf8 26. Rc7 Kg8 27.
g3 Kf8 28. b3 Ra8 29. a4 bxa4 30. bxa4 Rxa4 31. Rc8+ Ke7 32. Rg8 Bxd4 33. Nxd4
Raxd4 34. Bxd4 Rxd4 35. f4 Ra4 36. Rh8 Ra2+ 37. Kf1 Ra1+ 38. Kg2 Ra2+ 39. Kf3
Rh2 40. g4 Rh3+ 41. Kg2 Rh4 42. Kg3 Rh1 43. Ra8 Rg1+ 44. Kh3 Rf1 45. Ra4 Rg1
46. Kh4 Rh1+ 47. Kg3 h6 48. Ra7+ Kf8 49. gxh6 Rxh6 50. Ra1 Kg7 51. f5 exf5 52.
gxf5 Rb6 53. Kg4 1/2-1/2

[Event "29. Erfurter Schachfestival 2019 - Meis"]
[Site "Erfurt"]
[Date "2019.12.29"]
[Round "6.13"]
[White "Everett, Elijah"]
[Black "Urban, Lars"]
[Result "1-0"]
[WhiteElo "2230"]
[BlackElo "2178"]
[PlyCount "135"]
[EventDate "2019.12.26"]

1. e4 e6 2. d4 d5 3. Nc3 Nf6 4. e5 Nfd7 5. f4 c5 6. Nf3 Nc6 7. Be3 Be7 8. Qd2
O-O 9. dxc5 Bxc5 10. O-O-O Qa5 11. a3 Rb8 12. Bxc5 Nxc5 13. Qe3 Qb6 14. Nd4 Rd8
15. Be2 Ne4 16. Bf3 Nxc3 17. Qxc3 Bd7 18. Kb1 Rbc8 19. Qd2 Na5 20. b3 Qc5 21.
Qb4 Qxb4 22. axb4 Nc6 23. Nxc6 Bxc6 24. Rd4 Bb5 25. Rhd1 Rc3 26. R1d2 Rdc8 27.
Kb2 g6 28. Be2 Bxe2 29. Rxe2 a6 30. Rd1 Kf8 31. Ra1 Ke7 32. b5 axb5 33. Ra5
R3c5 34. g3 Kd7 35. g4 Kc6 36. Ra1 Kd7 37. Rf1 Ke7 38. Rf3 Rh8 39. f5 exf5 40.
gxf5 g5 41. Rd3 d4 42. Rxd4 Rd8 43. f6+ Ke8 44. Rg4 h6 45. h4 Rdd5 46. hxg5
Rxe5 47. Rxe5+ Rxe5 48. gxh6 Rh5 49. h7 Rxh7 50. Rg8+ Kd7 51. Rg7 Rh5 52. Rxf7+
Ke6 53. Rxb7 Kxf6 54. Ka3 Rc5 55. Kb4 Rxc2 56. Kxb5 Ke6 57. b4 Kd6 58. Ka6 Ra2+
59. Kb6 Ra8 60. b5 Ra1 61. Rb8 Rh1 62. Rd8+ Ke7 63. Rd4 Ke8 64. Kb7 Rh7+ 65.
Ka6 Rh1 66. b6 Rb1 67. b7 Ra1+ 68. Kb5 1-0

[Event "29. Erfurter Schachfestival 2019 - Meis"]
[Site "Erfurt"]
[Date "2019.12.29"]
[Round "6.14"]
[White "Miszler, Levente"]
[Black "Kaiser, Dieter"]
[Result "1-0"]
[WhiteElo "2167"]
[BlackElo "2228"]
[Annotator "Ruether,Rudolf"]
[PlyCount "45"]
[EventDate "2019.12.26"]

1. Nf3 Nf6 2. c4 e6 3. g3 d5 4. Bg2 Be7 5. O-O O-O 6. d4 dxc4 7. Qc2 a6 8. a4
Bd7 9. Ne5 Bc6 10. Nxc6 Nxc6 11. e3 Na5 12. Nd2 Nd5 13. Nxc4 Nxc4 14. Qxc4 a5
15. e4 Nb4 16. Be3 c6 17. Rfd1 Qd7 18. Rac1 Rac8 19. Qb3 h6 20. Bh3 Kh8 21. d5
cxd5 22. Rxc8 Rxc8 23. exd5 {Rest unleserlich} 1-0

[Event "29. Erfurter Schachfestival 2019 - Meis"]
[Site "Erfurt"]
[Date "2019.12.29"]
[Round "6.15"]
[White "Neukirchner, Pascal"]
[Black "Schulte, Felix"]
[Result "1/2-1/2"]
[WhiteElo "2224"]
[BlackElo "2126"]
[PlyCount "68"]
[EventDate "2019.12.26"]

1. d4 a6 2. e4 d6 3. c4 Nf6 4. Nc3 g6 5. f3 Bg7 6. Bg5 O-O 7. Qd2 Nbd7 8. Nge2
c5 9. d5 b5 10. cxb5 axb5 11. Nxb5 Ne5 12. Nec3 Qa5 13. Be2 Ba6 14. a4 Rfb8 15.
O-O Qb4 16. Qc2 h6 17. Bd2 Qa5 18. f4 Ned7 19. b3 Ne8 20. Rae1 Nc7 21. Bc4 Bxb5
22. Nxb5 Qb6 23. Bc3 Nxb5 24. axb5 Ra2 25. Qxa2 Bxc3 26. Re2 Qd8 27. Qc2 Bd4+
28. Kh1 Ra8 29. e5 dxe5 30. d6 Kg7 31. fxe5 e6 32. b6 Nxe5 33. Rxe5 Bxe5 34.
Qe4 Bxd6 1/2-1/2